Vector analysis with applications (Record no. 7970)
[ view plain ]
| 000 -LEADER | |
|---|---|
| fixed length control field | 00491nam a22001937a 4500 |
| 001 - CONTROL NUMBER | |
| control field | 7970 |
| 003 - CONTROL NUMBER IDENTIFIER | |
| control field | BD-DhUET |
| 008 - FIXED-LENGTH DATA ELEMENTS--GENERAL INFORMATION | |
| fixed length control field | 141221b xxu||||| |||| 00| 0 eng d |
| 040 ## - CATALOGING SOURCE | |
| Transcribing agency | 0 |
| Modifying agency | BD-DhUET |
| 082 ## - DEWEY DECIMAL CLASSIFICATION NUMBER | |
| Classification number | 516.83 |
| Item number | ALI/1977 |
| 100 ## - MAIN ENTRY--PERSONAL NAME | |
| Personal name | Ali Ashraf |
| 245 ## - TITLE STATEMENT | |
| Title | Vector analysis with applications |
| Statement of responsibility, etc. | by Ali Ashraf |
| 250 ## - EDITION STATEMENT | |
| Edition statement | 1st ed. |
| 260 ## - PUBLICATION, DISTRIBUTION, ETC. (IMPRINT) | |
| Place of publication, distribution, etc. | Dhaka |
| Name of publisher, distributor, etc. | Hafiz book centre |
| Date of publication, distribution, etc. | 1977 |
| 300 ## - PHYSICAL DESCRIPTION | |
| Extent | 340[2]p. |
| Other physical details | ill. |
| 650 #0 - SUBJECT ADDED ENTRY--TOPICAL TERM | |
| Topical term or geographic name as entry element | Vector analysis |
| 700 ## - ADDED ENTRY--PERSONAL NAME | |
| Personal name | Abdul Khaleq Hazra, Md. |
| 942 ## - ADDED ENTRY ELEMENTS (KOHA) | |
| Koha item type | General Book |
| Copy number | Koha issues (times borrowed) | Koha date last seen | Sublocation or collection (holding branch) | Piece designation (barcode) | Source of classification or shelving scheme | Date acquired | Koha date last borrowed | Not for loan | Price effective from | Koha out on loan | Koha normalized classification for sorting | Koha full call number | Shelving location | Koha item type | Lost status | Location (home branch) | Damaged status | Withdrawn status |
|---|---|---|---|---|---|---|---|---|---|---|---|---|---|---|---|---|---|---|
| 1 | 13 | 2025-11-09 | Central Library, BUET | 48782 | 2014-12-21 | 2023-09-26 | 2014-12-21 | 516_830000000000000_ALI_1977 | 516.83/ALI/1977 | Circulation section | General Book | Central Library, BUET | ||||||
| 2 | 9 | 2024-02-04 | Central Library, BUET | 48785 | 2015-03-31 | 2024-02-04 | 2015-03-31 | 2024-02-18 | 516_830000000000000_ALI_1977 | 516.83/ALI/1977 | Circulation section | General Book | Central Library, BUET | |||||
| 3 | 2015-06-07 | Central Library, BUET | 56215 | 2015-06-07 | 2015-06-07 | 516_830000000000000_ALI_1977 | 516.83/ALI/1977 | Reading section | General Book | Central Library, BUET | ||||||||
| 4 | 2015-06-07 | Central Library, BUET | 56213 | 2015-06-07 | 2015-06-07 | 516_830000000000000_ALI_1977 | 516.83/ALI/1977 | Reading section | General Book | Central Library, BUET | ||||||||
| 5 | 2015-06-07 | Central Library, BUET | 56216 | 2015-06-07 | 2015-06-07 | 516_830000000000000_ALI_1977 | 516.83/ALI/1977 | Reading section | General Book | Central Library, BUET | ||||||||
| 6 | 2015-06-07 | Central Library, BUET | 56218 | 2015-06-07 | 2015-06-07 | 516_830000000000000_ALI_1977 | 516.83/ALI/1977 | Reading section | General Book | Central Library, BUET | ||||||||
| 7 | 1 | 2025-11-09 | Central Library, BUET | 56212 | 2015-07-12 | 2024-10-23 | 2015-07-12 | 516_830000000000000_ALI_1977 | 516.83/ALI/1977 | Circulation section | General Book | Central Library, BUET |